000 00630nam a2200217Ia 4500
005 20250923145050.0
008 008 250917s9999 xx 000 0 eng d
037 _aTextual
040 _aDSWL
_beng
_cDSWL
041 _aeng
_2eng
084 _aL7:4u73c.N3owG9
_qDSWL
100 _aFaris, R.E.L.
_9831438
245 0 _aMental disorders in urban Areas
_cby R.E.L. Faris
260 _aChicago
_bUniversity of Chicago Press
_c1965
300 _axix,764p.
365 _aUSD
_b1.95
700 _aH.W. Dunham
_9831439
925 _g1.95
942 _cTEXL
_hL7:4u73c.N3owG9
999 _c1446662
_d1446662